000
00265nam a22001217a 4500
040
_c
SK
082
_a
620
100
_a
JOSEPH E.
245
_a
engineering properties of soils and their measurements
260
_a
NEW YORK
_b
LOU
_c
1970
300
_a
22p.
942
_c
EK
999
_c
8736
_d
8736